|
|
|
|
| LEADER |
01117nam a22002297a 4500 |
| 001 |
38647 |
| 003 |
BD-DhAAL |
| 008 |
220608r20131898ii ||||| |||| 00| 0aben d |
| 999 |
|
|
|c 44351
|d 44351
|
| 040 |
|
|
|a BD-DhAAL
|c BD-DhAAL
|
| 041 |
|
|
|a ben
|
| 082 |
|
|
|a 294.5562092
|
| 100 |
|
|
|a ঠাকুর, দেবেন্দ্রনাথ
|9 49120
|
| 245 |
|
|
|a আত্নজীবনী /
|c দেবেন্দ্রনাথ ঠাকুর
|
| 260 |
|
|
|a কলকাতা :
|b সাহিত্যবিহার,
|c ১৮৯৮ [প্রথম সাহিত্যবিহার সংস্করণ ২০১৩].
|
| 300 |
|
|
|a [৮], ৫৯ পৃষ্ঠা :
|b চিত্র ;
|c ২২ সে.মি.
|
| 541 |
|
|
|a Donated By Akbar Ali Khan
|e 38647
|
| 600 |
|
|
|a Tagore, Devendranath
|d 1817-1905.
|9 49121
|
| 650 |
|
|
|a Brahma-samaj members
|v Biography.
|9 49122
|
| 852 |
|
|
|a Ayesha Abed Library
|c Akbar Ali Khan Collection
|
| 942 |
|
|
|2 ddc
|c BK
|
| 952 |
|
|
|0 0
|1 0
|2 ddc
|4 0
|6 294_556209200000000_THA
|7 1
|9 70852
|a BRACUL
|b BRACUL
|c AAKC
|d 2022-06-08
|e Donated by Akbar Ali Khan
|l 0
|o 294.5562092 THA
|p 3010038647
|r 2022-06-08
|t 1
|w 2022-06-08
|y BK
|